| 000 | 01732nam a2200421 a 4500 | ||
|---|---|---|---|
| 001 | ebr10150137 | ||
| 003 | CaPaEBR | ||
| 006 | m u | ||
| 007 | cr cn||||||||| | ||
| 008 | 050809r20061907njua sb s000 0aeng | ||
| 010 | _z 2005023066 | ||
| 020 | _z0813538068 (alk. paper) | ||
| 020 | _z0813538076 (pbk. : alk. paper) | ||
| 040 |
_aCaPaEBR _cCaPaEBR |
||
| 035 | _a(OCoLC)567964894 | ||
| 043 | _an-us--- | ||
| 050 | 1 | 4 |
_aPS3523.O46 _bZ475 2006eb |
| 082 | 0 | 4 |
_a813/.52 _aB _222 |
| 100 | 1 |
_aLondon, Jack, _d1876-1916. |
|
| 245 | 1 | 4 |
_aThe road _h[electronic resource] / _cJack London ; edited and with an introduction by Todd DePastino. |
| 260 |
_aNew Brunswick, N.J. : _bRutgers University Press, _cc2006. |
||
| 300 |
_axlix, 168 p. : _bill. |
||
| 490 | 1 | _aSubterranean lives | |
| 500 | _a"Reprints the original manuscript and illustrations published by Macmillan in November 1907"--P. [liii]. | ||
| 504 | _aIncludes bibliographical references (p. [li]). | ||
| 533 |
_aElectronic reproduction. _bPalo Alto, Calif. : _cebrary, _d2013. _nAvailable via World Wide Web. _nAccess may be limited to ebrary affiliated libraries. |
||
| 600 | 1 | 0 |
_aLondon, Jack, _d1876-1916 _xTravel _zUnited States. |
| 650 | 0 |
_aAuthors, American _y20th century _vBiography. |
|
| 650 | 0 |
_aPrisoners _zUnited States _vBiography. |
|
| 650 | 0 |
_aTramps _zUnited States _vBiography. |
|
| 650 | 0 |
_aRailroad travel _zUnited States. |
|
| 650 | 0 |
_aVagrancy _zUnited States. |
|
| 655 | 7 |
_aElectronic books. _2local |
|
| 700 | 1 | _aDePastino, Todd. | |
| 710 | 2 | _aebrary, Inc. | |
| 830 | 0 | _aSubterranean lives. | |
| 856 | 4 | 0 |
_uhttp://site.ebrary.com/lib/rucke/Doc?id=10150137 _zAn electronic book accessible through the World Wide Web; click to view |
| 999 |
_c94558 _d94558 |
||